Markov processes: structure and asymptotic behavior

Guardat en:
Dades bibliogràfiques
Autor principal: Rosenblatt, Murray (Autor)
Format: Llibre
Idioma:anglès
Publicat: Berlín Springer-Verlag 1971
Matèries:
Etiquetes: Afegir etiqueta
Sense etiquetes, Sigues el primer a etiquetar aquest registre!

MARC

LEADER 00000nam a2200000 a 4500
001 UCX7467
003 CL-VaPUC
008 931213e19710000GW |||||||||||||||||eng|d
082 0 4 |a 519.233  |b ROS  |2 21 
100 0 |a Rosenblatt, Murray  |e author  |9 497969 
245 1 0 |a Markov processes: structure and asymptotic behavior 
300 |a 268 p 
942 |c BK 
945 |d 19931213 00:00:00  |a mfernand 
260 |a Berlín  |b Springer-Verlag  |c 1971 
650 0 |a Procesos estocásticos   |9 260364 
650 0 |a Procesos de Markov  |9 270451 
583 |a last modification  |c 19931213 00:00:00  |k Rodrigo Vera 
999 |c 315957  |d 315955 
952 |0 0  |1 0  |4 0  |6 519_233000000000000_ROS_1971  |7 0  |8 A  |9 389864  |a BIBGIM  |b BIBGIM  |d 2019-11-22  |i 2946203  |o 519.233 ROS 1971  |p 2946203  |r 2025-01-15  |w 2019-11-22  |y BK  |k EST